Ski Alpin Olympiasieger 2026 - Statistiken

Allgemein
  • Dieses Quiz wurde 62 mal gespielt
  • Das Durchschnittsergebnis liegt bei 7 aus 10
Antwortstatistiken
Disziplin Herren Damen % Korrekt
Abfahrt Franjo von Allmen .
100%
Super G Franjo von Allmen
92%
Riesenslalom Lucas Pinheiro Braathen
69%
Mikaela Shiffrin
69%
Team Kombination Schweiz
67%
Slalom Loic Meillard
65%
Federica Brignone
63%
Österreich
63%
Breezy Johnson
58%
Federica Brignone
48%
Keine übereinstimmenden Quizze gefunden
Verteilung der Resultate
Anzahl Personen mit jedem Resultat
Perzentil nach korrekt beantworteten Fragen
Ihre Resultats-Entwicklung
Sie haben dieses Quiz noch nicht gespielt